Современные тенденции управления и экономики в России и мире: цивилизационный аспект (Запись № 13667168)

Подробности
000 -МАРКЕР
контрольное поле 02604nam0a2200397 4500
001 - ИДЕНТИФИКАТОР ЗАПИСИ
контрольное поле RU\NLR\BIBL_A\022350451
005 - ИДЕНТИФИКАТОР ВЕРСИИ
контрольное поле 20260420015731.0
010 ## - МЕЖДУНАРОДНЫЙ СТАНДАРТНЫЙ НОМЕР КНИГИ (ISBN)
Номер (ISBN) 978-5-6051363-9-2
Тираж 500
021 ## - НОМЕР ГОСУДАРСТВЕННОЙ РЕГИСТРАЦИИ
Код страны Российская Федерация
Номер КН-П-24-049524
Номер Листа государственной регистраци КН-П-24-4922
035 ## - ДРУГИЕ СИСТЕМНЫЕ НОМЕРА
Идентификатор записи (NLR Aleph) 022350451
100 ## - ДАННЫЕ ОБЩЕЙ ОБРАБОТКИ
Данные общей обработки 20241011d2024 k y0rusy50 ca
101 0# - ЯЗЫК РЕСУРСА
Язык текста, звукозаписи и т.д. русский
-- английский
Язык резюме английский
102 ## - СТРАНА ПУБЛИКАЦИИ ИЛИ ПРОИЗВОДСТВА
Страна публикации Российская Федерация
105 ## - ПОЛЕ КОДИРОВАННЫХ ДАННЫХ: ТЕКСТОВЫЕ МАТЕРИАЛЫ, МОНОГРАФИЧЕСКИЕ
Кодированные данные о монографическом текстовом документе a z 110yy
181 #0 - ПОЛЕ КОДИРОВАННЫХ ДАННЫХ: ВИД СОДЕРЖАНИЯ
Код вида содержания (ISBD) i3
Код характеристики содержания (ISBD) axxe
182 #0 - ПОЛЕ КОДИРОВАННЫХ ДАННЫХ: ТИП СРЕДСТВА
Код типа средства (ISBD) n - непосредственное
200 1# - ЗАГЛАВИЕ И СВЕДЕНИЯ ОБ ОТВЕТСТВЕННОСТИ
Основное заглавие Современные тенденции управления и экономики в России и мире: цивилизационный аспект
Параллельное заглавие Modern trends in management and economics in Russia and the world: the civilizational aspect
Сведения, относящиеся к заглавию материалы V всероссийской научно-практической конференции с международным участием (29 февраля 2024 года)
Первые сведения об ответственности Университет мировых цивилизаций имени В. В. Жириновского
Язык параллельного заглавия английский
203 ## - ВИД СОДЕРЖАНИЯ И ТИП СРЕДСТВА
Вид содержания Текст
Дополнительные сведения об издании визуальный
Тип средства непосредственный
210 ## - ПУБЛИКАЦИЯ, РАСПРОСТРАНЕНИЕ И ДР.
Место издания, распространения и т.д. Москва
Имя издателя, распространителя и т. д. УМЦ
Дата издания, распространения и т.д. 2024
215 ## - ФИЗИЧЕСКАЯ ХАРАКТЕРИСТИКА
Специфическое обозначение материала и объем 243 с.
Другие сведения о физической характеристике ил., табл.
Размеры 20
300 ## - ОБЩИЕ ПРИМЕЧАНИЯ
Текст примечания Рез. на англ. яз.
300 ## - ОБЩИЕ ПРИМЕЧАНИЯ
Текст примечания На тит. с. и обл.: Университет мировых цивилизаций имени В. В. Жириновского, 25 лет
320 ## - ПРИМЕЧАНИЯ О НАЛИЧИИ В ДОКУМЕНТЕ БИБЛИОГРАФИИ / УКАЗАТЕЛЯ
Текст примечания Библиогр. в конце ст. и в подстроч. примеч.
510 1# - ПАРАЛЛЕЛЬНОЕ ЗАГЛАВИЕ
Параллельное заглавие Modern trends in management and economics in Russia and the world: the civilizational aspect
Язык заглавия английский
606 1# - НАИМЕНОВАНИЕ ТЕМЫ КАК ПРЕДМЕТ
Наименование темы Экономика
Формальный подзаголовок Съезды, совещания и т.п
Системный номер авторитетной/нормативной записи 1414491
Идентификатор авторитетной/нормативной записи RU\NLR\AUTH\66284709
606 1# - НАИМЕНОВАНИЕ ТЕМЫ КАК ПРЕДМЕТ
Наименование темы Народное хозяйство
Формальный подзаголовок Съезды, совещания и т.п
Тематический подзаголовок Управление
Системный номер авторитетной/нормативной записи 2083938
Идентификатор авторитетной/нормативной записи RU\NLR\AUTH\661260012
686 1# - ИНДЕКСЫ ДРУГИХ КЛАССИФИКАЦИЙ
Индекс У.я431
686 1# - ИНДЕКСЫ ДРУГИХ КЛАССИФИКАЦИЙ
Индекс У21(0)я431
711 12 - НАИМЕНОВАНИЕ ОРГАНИЗАЦИИ - АЛЬТЕРНАТИВНАЯ ОТВЕТСТВЕННОСТЬ
Начальный элемент ввода "Современные тенденции управления и экономики в России и мире: цивилизационный аспект", всероссийская научно-практическая конференция
Порядковый номер временной организации и / или порядковый номер ее части 5
Место проведения временной организации Москва
Дата проведения временной организации 2024
Системный номер авторитетной/нормативной записи 2643504
Идентификатор авторитетной/нормативной записи RU\NLR\AUTH\880617026
712 02 - НАИМЕНОВАНИЕ ОРГАНИЗАЦИИ - ВТОРИЧНАЯ ОТВЕТСТВЕННОСТЬ
Код отношения Организатор конференции
Начальный элемент ввода Университет мировых цивилизаций им. В. В. Жириновского
Идентифицирующий признак Москва
Системный номер авторитетной/нормативной записи 842059
Идентификатор авторитетной/нормативной записи RU\NLR\AUTH\880588106
942 ## - ДОПОЛНИТЕЛЬНЫЕ ЭЛЕМЕНТЫ ЗАПИСИ (АБИС)
Тип экземпляра АБИС Книга
980 ## - КОЛЛЕКЦИЯ
Название коллекции Национальная библиография

Нет доступных экземпляров.